Slovakia Country Quiz - Statistics

General Stats
  • This quiz has been taken 30,829 times
    30,763 since last reset
  • The average score is 15 of 21
Answer Stats
Hint Answer % Correct
Bordering countries Czech Republic
97%
Bordering countries Hungary
97%
Bordering countries Poland
96%
Bordering countries Austria
94%
Capital city Bratislava
94%
River on which the above lies Danube
94%
Country it was part of, 1918–1992 Czechoslovakia
93%
Currency of Slovakia Euro
92%
Bordering countries Ukraine
90%
Ethnic group that includes Slovaks, Serbs, and Russians Slavs
85%
Country that invaded in 1968 Soviet Union
85%
Kremnické Bane village claims to be the geographic ________ of Europe Midpoint
80%
Most popular sport in Slovakia Ice Hockey
67%
Slovakia is world's largest per capita ___ producer - 1,110,000 of them were manufactured in the country in 2019 alone Car
63%
Tallest mountain range Car{pathian}
54%
Second most populous city Košice
44%
Ethnic group of 8.5% the population Hungarian
40%
Slovakia has the highest number of this type of structure per capita in the world Castle
37%
Non-violent revolution that overthrew the Communist regime in 1989 {Velvet} Revolution
35%
Currency prior to the above Koruna
30%
Slovak-born woman who won 5 Grand Slam titles Martina Hingis
14%
No matching quizzes found
Score Distribution
Percent of People with Each Score
Percentile by Number Answered
Your Score History
You have not taken this quiz since the last reset